[Event "Dyfed Major 2019"]
[Site "?"]
[Date "2019.02.23"]
[Round "2"]
[White "Greenwood, Ray"]
[Black "Narayan-Taylor, Robert"]
[Result "0-1"]
[WhiteElo "1304"]
[BlackElo "1368"]
[Annotator "kemen"]
[PlyCount "62"]
[EventDate "2019.??.??"]

{[%evp 0,62,19,34,53,28,21,45,49,33,178,186,353,110,75,50,80,45,70,55,67,-5,8,
2,6,-16,0,-72,9,-42,43,28,28,-82,-77,-105,-58,-126,-192,-183,-168,-188,-103,
-108,-155,-168,-150,-273,-277,-541,-481,-495,-501,-557,-557,-998,-525,-2198,
-2642,-29989,-1001,-1029,-1077,-2559,-902]} 1. e4 Nc6 2. d4 e6 3. Nf3 d5 4. Nc3
b6 (4... Nf6 {main, has become a Guimard var of the French}) 5. Bb5 Bb7 6. Bf4
$146 (6. Ne5 Nge7 (6... Qd6 7. Bf4 f6 8. Qh5+ g6 9. Nxg6 hxg6 10. Qxh8 (10.
Qxg6+ Kd7 11. Bxd6 $18) 10... Qxf4 11. Qxg8 O-O-O 12. Qxe6+ Kb8 13. Bxc6 Rd6
14. Qe8+ Bc8 15. Qxf8 Rxc6 16. O-O $18 {Lienau-Kopanski, GER North tm ch U16,
Magdeburg 2001,0-1!}) 7. Qf3 f6 8. Nxc6 Bxc6 9. Bxc6+ Nxc6 10. exd5 Nxd4 11.
Qd3 e5 12. O-O Bc5 13. Qg3 Qd7 14. Re1 Nxc2 {Thomas-Crepin, Bethune 2001,0-1})
6... Bb4 7. O-O Bxc3 8. bxc3 a6 9. Bd3 Nf6 10. Re1 (10. e5 Ne4 11. c4 O-O 12.
cxd5 exd5 13. Qe1 Ne7 $14 {Komodo12}) 10... Nxe4 11. Bxe4 dxe4 12. Rxe4 (12.
Ng5 $11) 12... Qd7 13. d5 Ne7 (13... O-O-O $15 {Komodo12}) 14. c4 O-O-O (14...
O-O $11) 15. Ne5 $14 Qe8 16. Qe2 (16. Re1 $14) 16... exd5 17. cxd5 f5 (17...
Nxd5 $17 {Komodo12}) 18. Re3 Nxd5 $17 19. Rf3 Nxf4 20. Rxf4 Rf8 (20... Qe6 $19)
21. Re1 g5 22. Rb4 Qe6 23. a4 Rfe8 $19 24. h3 Rd5 25. Qc4 Rxe5 26. Rxe5 Qxe5
27. Qf7 Qe6 28. Qxh7 Qe1+ 29. Kh2 Qxb4 (29... Qxf2 $18 {mating soon}) 30. Qxf5+
Kb8 31. Qf7 Qf4+ (31... Qd6+ 32. g3 Qd1 33. Qxe8+ Ka7 {mating, Komodo12}) 0-1

[Event "Dyfed Major 2019"]
[Site "?"]
[Date "2019.02.23"]
[Round "2"]
[White "Osinga, Awne"]
[Black "Baron, Margaret"]
[Result "1-0"]
[WhiteElo "1350"]
[BlackElo "850"]
[Annotator "kemen"]
[PlyCount "49"]
[EventDate "2019.??.??"]

{[%evp 0,49,39,17,45,28,52,22,69,-11,-2,-23,146,-14,381,310,327,326,322,259,
299,278,342,313,332,335,308,292,349,255,281,277,303,311,337,403,470,483,518,
575,968,1004,1014,1027,29993,29994,29995,29996,29997,29998,29999,-30000]} 1. e4
e6 2. Nf3 c5 3. c4 Nf6 4. d3 d5 (4... d6 {main}) 5. cxd5 Nbd7 {Bl should
recapture} (5... exd5 6. exd5 Nxd5 {0-2}) 6. e5 (6. dxe6 fxe6 7. Nc3 $16 {
Komodo12}) 6... g6 $2 (6... Nxd5 $11) 7. exf6 $11 Nxf6 8. dxe6 Bxe6 9. Qe2 Qd7
10. Ng5 b6 11. Nxe6 fxe6 12. Qf3 Nd5 13. g3 O-O-O 14. a3 Bg7 15. Bg2 h5 16. h4
b5 {best not to move pawns in front of a castled K unless forced} 17. O-O Bf6
18. Nc3 Bxc3 19. bxc3 Nxc3 20. Qa8+ Kc7 21. Qxa7+ Kc8 22. Qa6+ Kc7 23. Bf4+ e5
24. Bxe5+ Qd6 25. Qb7# 1-0

[Event "Dyfed Major 2019"]
[Site "?"]
[Date "2019.02.23"]
[Round "3"]
[White "Brewer, Ben"]
[Black "Scott, Paul"]
[Result "1/2-1/2"]
[WhiteElo "1555"]
[BlackElo "1581"]
[Annotator "kemen"]
[PlyCount "88"]
[EventDate "2019.??.??"]

{[%evp 0,88,28,23,25,-14,36,36,36,36,36,31,19,27,27,-26,-16,-7,32,-14,19,2,4,4,
6,-31,48,35,36,36,102,105,102,46,54,65,56,18,85,131,128,15,16,16,87,101,123,
130,164,152,151,143,164,100,128,145,177,190,185,181,170,174,168,180,205,174,
184,163,180,175,163,139,138,91,115,107,90,109,111,114,96,96,132,118,118,-112,
-54,-48,-73,-138,-48]} 1. Nf3 Nf6 2. c4 g6 3. d4 Bg7 4. Nc3 O-O 5. g3 d6 6. Bg2
c5 7. e3 {a little passive} (7. O-O) (7. d5) (7. dxc5 {main lines}) 7... Na6 {
perhaps hoping Wh will play d5 , when this N can support b5 from c7} (7... Nc6)
(7... Nbd7 {main lines}) 8. O-O Rb8 9. Nb5 (9. b3 {main}) 9... Ra8 (9... Bd7 {
as taking the a pawn doesn't do much , other than to help Bl open the Q side}
10. Nxa7 (10. Bd2 Bxb5 11. cxb5 Nc7 12. a4 b6 13. b4 Ne4 $11 {Balog-Egyed, HUN
ch tm 2010,1/2-1/2}) (10. a4 cxd4 11. exd4 Qc8 (11... Nb4 12. Nxa7 Bf5 13. Ne1
d5 14. b3 $14) 12. Qe2 d5 13. Bf4 Ra8 14. Qxe7 $18 {Pottker-De Paula, Brasilia
Terra viva op 2016,0-1}) 10... Nc7 (10... Qb6 11. Nb5 Bxb5 12. Qb3 $14) 11.
dxc5 dxc5 12. Ne5 Bf5 13. f4 Ra8 14. Nb5 Nxb5 15. cxb5 Qc7 16. Qe2 Nd7 {
Bl has enough play for the pawn}) 10. Re1 (10. Bd2 Bd7 11. a4 Qc8 12. Re1 Ne4 (
12... Nb4) 13. Qb3 Bg4 $15 (13... Nxd2 14. Nxd2 Nb4 $15) 14. Bc3 Qf5 $17 {
Theisinger-Frick, Boeblingen op 1994,0-1}) 10... Nb4 11. a3 Nc6 12. d5 Nb8 (
12... Na5 {is a standard move in the Yugoslav variations , based on Nc6 to
proke d5}) 13. Qc2 a6 14. Nc3 Bd7 {the B actually gets in the way here} (14...
Nbd7 $11) (14... b5 $11 15. cxb5 axb5 16. Nxb5 Nxd5) 15. e4 $16 b5 16. Nd2 {
the c pawn needs no direct protection as Bl can't keep his pawn there if taken,
& the c4 square will be a useful base for the Wh Ns} (16. e5 $1 {is the
dynamic reply to Bl's last} Ng4 (16... dxe5 17. Nxe5 $16) 17. exd6 exd6 18. Ne4
Bf5 19. Bf4 $14 {Bl then probably needs to gambit the D pawn to get some piece
play}) 16... Nh5 (16... Ng4 $11 {Komodo12}) 17. Rb1 b4 (17... f5) 18. Na4 (18.
axb4 cxb4 19. Na4 a5 20. c5 dxc5 21. Nc4 $14 {Komodo12}) 18... f5 (18... a5 $11
) 19. axb4 cxb4 20. exf5 (20. c5 $16 {Komodo12}) 20... Bxf5 21. Be4 (21. Ne4 {
releases the QB & retains Wh's K protection}) 21... Bxe4 (21... Nd7) 22. Qxe4
Ra7 23. b3 (23. Nf3) 23... Qe8 24. Bb2 (24. Nf3 $18 {Komodo12} Qd7 (24... Qf7
25. Be3 Rb7 (25... Qxf3 26. Qxf3 Rxf3 27. Bxa7 $18) 26. Ng5 $18 {Komodo12}) 25.
Ng5 Qf5 26. Qe6+ Qxe6 27. Nxe6 {the Bl armies are split in2}) 24... Nf6 25.
Qe6+ (25. Qe2 $18) 25... Qf7 26. h4 Nh5 (26... Ng4 27. Qxf7+ Rxf7 28. f3 Nf6
29. f4 Ng4 30. Kg2 Nd7 31. Bxg7 Kxg7 32. Nf3 h6 33. Nd4 $16) 27. Kg2 Kh8 28.
Qxf7 Rxf7 29. Nf3 h6 30. Nd4 (30. c5 $18 {Komodo12}) 30... Kg8 31. Ne6 $18 Bxb2
32. Rxb2 Ng7 33. Rbe2 Nxe6 34. Rxe6 Kg7 35. f3 (35. c5 {makes use of Wh's
better placed N} dxc5 36. Nxc5 a5 37. Nd3 Na6 38. R1e5 $18 {Komodo12}) 35... a5
36. g4 Na6 37. h5 {opens up the K but also leaves the h5 pawn vulnerable for
later} (37. Kg3 $16 {waiting & improving the K position} Kh7 38. f4 Rc7 39. g5
h5 40. f5 Rxf5 (40... gxf5 41. g6+ $18) 41. Rxe7+ Rf7 42. Rxf7+ Rxf7 43. Re8
$18 {when Bl has several vulnerable pawns & Wh has things covered} Rf1 {
targetting b3 is too slow.} 44. Re6 (44. Re7+ Kg8 {brings the K closer to the
d pawn & removes a tactical point in Whs favour}) 44... Rb1 (44... Nc5 45. Nxc5
dxc5 46. d6 Rd1 47. Re7+ Kg8 48. d7 {is a quick win}) 45. Rxd6 Rxb3+ 46. Kf4
Nb8 47. Rb6 Nd7 48. Rb7) 37... gxh5 38. gxh5 Kh7 39. Kf2 Nc5 40. Nxc5 dxc5 41.
Rc6 (41. Ra1 Rf5 42. Rh1 Kg7 43. Rg1+ Kh7 44. Rge1 Rxh5 45. Rxe7+ Rxe7 46.
Rxe7+ Kg6 47. Rc7 Rh2+ 48. Kg3 Rb2 49. Rxc5 Rxb3 50. Rxa5 Rc3 51. Kf4 Rxc4+ 52.
Ke5 Rc3 $11 {Komodo12}) 41... a4 42. Ree6 (42. bxa4 Rxa4 43. Rxc5 (43. Ree6 Ra3
44. Rxh6+ Kg8 45. Rcg6+ Rg7 (45... Kf8 46. Rh8#) 46. Rc6 Rf7 47. Rhg6+ Kh7 48.
Rg3 Rc3 49. Rxc5 b3 50. Rh3 Rf5 51. Rb5 Rc2+ 52. Ke3 Rxc4 53. Rxb3 Rxd5 $14 {
looks drawnas the h pawn is no threat}) 43... Ra3 44. Re3 Ra2+ 45. Kg3 Rc2 46.
Rc6 Kg8 47. Rb3 Rc3 48. Rg6+ Kh7 49. Rxb4 Rcxf3+ 50. Kh4 $14 {Wh certainly has
chances with the extra c pawn, but its a tricky ending with both sets of Rs
still on the board.}) 42... axb3 43. Rxh6+ Kg8 44. Rhg6+ {but with that pawn
on b3 sheltered from Rs coming behind to stop its advance, it's Bl who can
play for a win} Kh7 (44... Rg7 45. Rxg7+ Kxg7 46. Rg6+ Kh7 47. Rg1 {otherwise
the pawn gets through} Ra2+ 48. Kg3 Rc2 49. Rb1 Rxc4 (49... Kh6 50. Rxb3 Rc3
51. Rb2 Rxc4 {comes to about the same}) 50. Rxb3 Kh6 51. Re3 Rd4 52. Rxe7 c4 (
52... Rxd5 53. Kg4 Rg5+ 54. Kf4 Rxh5 {when Lomonosov tablebases give both} 55.
Rb7 {and} (55. Ke4 {as holding the draw- the Bl K needs to be nearer the pawns}
)) 53. f4 c3 {threat Rc4} (53... b3 54. Rb7 Kxh5 55. Kf3 Rxd5 {Bl mates in 26-
Lomonosov tablebases}) 54. Rc7 Kxh5 55. Kf3 Rxd5 {and Bl mates in 23 moves-
Lomonosov tablebases}) 1/2-1/2

[Event "Dyfed Major 2019"]
[Site "?"]
[Date "2019.02.23"]
[Round "3"]
[White "Thacker, Steve"]
[Black "Hammett, Scott"]
[Result "0-1"]
[WhiteElo "1430"]
[BlackElo "1540"]
[Annotator "kemen"]
[PlyCount "78"]
[EventDate "2019.??.??"]

1. d4 f5 2. e4 fxe4 3. Nc3 Nf6 4. Bg5 e6 {this can lead to a slightly
vulnerable K side} (4... Nc6) (4... c6 {main lines}) 5. Nxe4 Be7 6. Nxf6+ (6.
Bxf6 {main} Bxf6 7. Nf3 O-O 8. Bd3) 6... Bxf6 7. Bxf6 Qxf6 {but in this
version Bl does a little better than Wh} 8. Nf3 d6 (8... O-O {main}) 9. Qd2 (9.
Bd3 Nc6 {1 Wh win, 1 draw & 1 Bl win}) 9... Nc6 $146 (9... O-O 10. Qg5 (10.
O-O-O Bd7 11. Bd3 Bc6 12. Be2 Nd7 13. Rdf1 a5 14. Rhg1 e5 15. d5 {Roos-Kostbar,
Bingen op 1996,1-0}) 10... Nc6 11. Qxf6 gxf6 12. O-O-O e5 {Weidlich-Hoffmann,
Oberliga Ost 1994,1/2-1/2}) 10. c3 Bd7 11. Bd3 O-O-O 12. O-O-O $11 (12. O-O $11
) 12... e5 13. d5 (13. dxe5 Nxe5 14. Nxe5 Qxe5 $11 {Komodo12}) 13... Ne7 14.
Be4 h6 15. h3 Rde8 (15... Bf5) (15... Rhf8) 16. g4 $6 {leaves the f2 pawn
backward} Ng6 (16... Ref8) 17. g5 hxg5 18. Nxg5 Nf4 $17 19. h4 Bg4 20. Rde1 (
20. f3) 20... Bf5 21. f3 Rh5 22. Rh2 Reh8 23. Reh1 Ng6 24. Qf2 Nxh4 (24... Rxh4
$19) 25. Rxh4 $2 (25. Ne6 Bxe6 26. dxe6 Kb8 27. c4 Qxe6 28. Kb1 g5 29. Qc2 {
hoping for some wh square play is worth a try} c6 $17) 25... Rxh4 26. Rxh4
Qxg5+ 27. Kd1 Qxh4 $19 (27... Rxh4 $19 {preferred by Komodo12} 28. Bxf5+ Kb8
29. Be4 Qf4 30. Qe1 Rh2) 28. Bxf5+ Kd8 (28... Kb8) 29. Qxh4+ (29. Qxa7 $5)
29... Rxh4 30. Kc2 Rf4 31. Be4 g5 32. Kd3 Ke7 33. b4 Rh4 (33... g4 {activates
the R & opens a path for the Bl K to enter}) 34. a4 Rh3 35. Kc4 Rh4 36. Kd3 b6
37. Kc4 Kd8 38. Kb5 Rxe4 39. fxe4 g4 0-1

[Event "Dyfed Major 2019"]
[Site "?"]
[Date "2019.02.23"]
[Round "3"]
[White "Narayan-Taylor, Robert"]
[Black "Nukalapati, Sarthak"]
[Result "1-0"]
[WhiteElo "1368"]
[BlackElo "888"]
[Annotator "kemen"]
[PlyCount "81"]
[EventDate "2019.??.??"]

1. a4 e5 2. e4 Nc6 (2... Nf6 {main}) 3. c3 $146 (3. b3 Bc5 4. Bb2 d6 5. Nf3 Bg4
6. Be2 Nge7 7. c3 a5 8. d4 {Narayan-Taylor vs J Jones, Dyfed League 2018,1-0})
(3. Bc4 Nf6 4. d3 {is an Italian, where a4 is often useful}) 3... d6 (3... d5
$15 {a kind of Scandinavian- Cloud Engines}) 4. Nf3 Nf6 5. Qc2 (5. Bb5 Nxe4 6.
d4 $11 {is a kind of Spanish ( Ruy Lopez)}) 5... Be6 6. d3 (6. d4 {looks ok})
6... d5 7. Bg5 (7. Nbd2 {will transpose to a Reversed Philidor or perhaps
White Lion}) 7... dxe4 8. dxe4 a6 9. b4 {[%eval 0,0] this can wait, though it
does take away c5 from the l B} (9. Nbd2 {gives Wh a comfortable Philidor (
the central exchange eases tensions)}) 9... Bd6 10. Nbd2 h6 11. Bxf6 Qxf6 12.
Nc4 (12. Bc4 $11) 12... Qe7 (12... Be7 {safer}) 13. Nxd6+ Qxd6 (13... cxd6 {
is ok as well, since Wh cannot prevent d5 in the long run}) 14. Rd1 Qe7 15. b5
(15. Be2 O-O 16. O-O $11) 15... axb5 16. Bxb5 O-O $15 17. Bxc6 bxc6 18. Nxe5 $6
(18. O-O f6 19. Nh4 Qf7 20. Rb1 Ra6 21. Rb7 Rfa8 22. Ra1 Rb6 {Bl has good play
on the Qside}) 18... Qc5 (18... Qg5 $19 19. f4 (19. Nf3 Qxg2 20. Rg1 Qxf3 $19)
(19. Nxc6 Qxg2 {and the Wh K is in trouble} 20. Rf1 (20. Kd2 Bd7 $1 (20...
Qxf2+ 21. Kc1 Qe3+ 22. Rd2 Rfe8 $19) 21. Ne7+ Kh8 22. Rhg1 (22. Kc1 Qg5+ 23. f4
Qxe7) 22... Qxf2+ 23. Kc1 Qxc2+ 24. Kxc2 Bxa4+ 25. Kd3 Rfd8+ 26. Nd5 Bxd1 27.
Rxd1 c6 $19) 20... Bc4 $19 {Komodo12}) 19... Qxf4 20. Nf3 Qe3+ 21. Qe2 (21. Kf1
Bc4+) 21... Qxc3+ 22. Qd2 Qc5 23. Qd4 Qa5+ 24. Kf2 c5 $19 {Komodo12}) 19. Nd7
Bxd7 20. Rxd7 Qb6 (20... Qc4 21. Rd4 Qa6 22. Qe2 c5 23. Qxa6 Rxa6 24. Rc4 Ra5
25. Ke2 $16 {Komodo12}) 21. O-O $16 Ra7 22. Rfd1 Raa8 23. h3 c5 24. Kh2 (24. e5
) 24... c4 25. Rb1 (25. e5 $16) 25... Qe6 26. Rbd1 Rfe8 27. R1d4 (27. f3) 27...
Rab8 28. g3 Qb6 29. Qe2 (29. Rxc4) 29... Kh7 30. Rxf7 $18 Qc6 31. Qg4 (31. Rxc4
Qg6 32. Rcxc7) 31... Rg8 32. Qf5+ Kh8 33. Rdd7 (33. a5 Rb5 34. Rd5 Rxd5 35.
exd5 Qd6 36. Qe6 $18 {Komodo12}) 33... Rbe8 34. Rxc7 Qxe4 35. Qxe4 Rxe4 36. a5
Kh7 37. a6 Re6 38. a7 Ra6 39. Rxc4 Ra8 40. Rcc7 Rg8 41. c4 1-0

[Event "Dyfed Major 2019"]
[Site "?"]
[Date "2019.02.23"]
[Round "3"]
[White "Bevan, Paul"]
[Black "Osinga, Awne"]
[Result "1-0"]
[WhiteElo "1300"]
[BlackElo "1350"]
[Annotator "kemen"]
[PlyCount "45"]
[EventDate "2019.??.??"]

{[%evp 0,45,19,25,21,13,14,8,16,-9,18,-28,-27,-47,-45,-25,-38,-41,-3,-16,-1,
-12,12,-4,79,69,116,-21,11,-260,-197,-171,-147,-142,-70,-199,213,438,592,592,
1401,1547,1757,2012,29997,29998,29999,-30000]} 1. d4 d5 2. e3 Nf6 3. Bd3 e6 4.
Nd2 Be7 5. f4 c5 6. c3 c4 {this can wait until Bl is better developed to then
decide on a course of action} (6... Nc6 {main}) 7. Bc2 b5 8. Ngf3 b4 $146 (8...
Bb7) (8... O-O) 9. Ne5 O-O 10. O-O Ba6 11. g4 (11. e4 {opening up the centre
for the Wh Bs is also good, as is}) (11. Rf3 {for a direct assault}) 11... b3
12. Bb1 Nfd7 (12... bxa2) 13. g5 Nxe5 14. Bxh7+ {this looks too early as the
Wh R is not yet in place to assist the Q} (14. dxe5 g6 15. axb3 cxb3 16. Rf2
Qb6 17. Nxb3 Nc6 18. Nd4 $16 {Komodo12}) 14... Kxh7 15. Qh5+ Kg8 16. dxe5 g6
17. Qh6 Nd7 {too slow} (17... Re8 18. Rf3 Bf8 19. Qh4 Bg7 {and while the B
protects the K, the position of the Wh pawns obstruct any other Wh piece from
joining in the attack. Meanwhile Bl will sacrifice to effect a breakthrough
ithe middle, though that may not be quite that easy. Engines underestimate the
extent of the blockage & just count the material to judge that Bl must be
winning.For example, on the next move they take the pawn on b3, whickh makes
Bl's task of opening lines on the Q side that much easier.} 20. a3 Nc6 (20...
Nd7 {preferred by the Engines, to send the N to d3 where it achieves nothing
much, or to sit at f8 just to stop Q h7}) 21. Rh3 Kf8 22. Qh7 d4 23. Ne4 dxc3
24. Nxc3 (24. Nf6 Qd1+ 25. Kg2 Qe2+ 26. Kg3 cxb2 27. Bxb2 Qxb2 $19) 24... Nxe5
25. fxe5 Qxg5+ 26. Rg3 Qxe5 $19 {Komodo12 nudged}) 18. Rf3 $18 Bxg5 19. fxg5
Re8 20. Rh3 Qxg5+ 21. Qxg5 Kg7 22. Qh6+ Kg8 23. Qh8# 1-0

[Event "Dyfed Major 2019"]
[Site "?"]
[Date "2019.02.23"]
[Round "3"]
[White "Jones, Hefin"]
[Black "Baron, Margaret"]
[Result "1-0"]
[WhiteElo "1348"]
[BlackElo "850"]
[Annotator "kemen"]
[PlyCount "41"]
[EventDate "2019.??.??"]

{[%evp 0,41,19,28,38,38,79,4,86,66,150,149,293,318,833,780,876,836,872,818,938,
881,916,881,954,887,961,951,1132,1150,1228,1202,1554,1601,3907,4091,4218,5036,
3877,5156,29997,29998,29999,-30000]} 1. e4 e6 2. Nf3 Nf6 3. Nc3 g6 {risky if
combined with e6, as it leaves the bl squares vulnerable- though in some
opening variations Bl has adequate resources to defend} (3... d5 {main}) 4. d4
c5 (4... Bg7 {main- when creating a fianchetto space, one should fill it;
otherwise it just becomes a weakness}) 5. Bg5 {3-0} (5. e5 {main, 5-0}) 5... d6
(5... h6 6. Bh4 g5 7. Bg3 $16 Qb6 8. d5 Bg7 9. Nb5 d6 10. Nxd6+ $18 {
Ziegler-Trautner, Regensburg op 2004,1-0}) (5... Bg7 6. e5 {2-0}) 6. e5 (6.
Bb5+ {is even stronger, as it prevents a possible Q exchange- Komodo12} Bd7 (
6... Nc6 7. d5 a6 8. e5 axb5 9. Bxf6 Be7 10. Bxh8 $18) 7. e5 $19) 6... d5 (6...
dxe5 7. Bb5+ Nc6 8. Nxe5 Bg7 9. Bxc6+ bxc6 10. Ne4 O-O 11. O-O Bb7 12. Qf3 $18
{Komodo12}) 7. Bxf6 $18 Be7 8. Bxh8 a6 9. Bf6 Qd7 (9... Bxf6 10. exf6 Qxf6 11.
dxc5 $18) 10. Be2 b5 11. a3 c4 12. Qd2 Nc6 13. Qh6 Bf8 14. Qxh7 Qc7 15. O-O Bd7
16. Ng5 Ne7 17. Qxf7+ Kd8 18. Qxf8+ Be8 19. Nxe6+ Kd7 20. Qxe7+ Kc6 21. Qxc7#
1-0

[Event "Dyfed Major 2019"]
[Site "?"]
[Date "2019.02.24"]
[Round "4"]
[White "Hammett, Scott"]
[Black "Scott, Paul"]
[Result "1-0"]
[WhiteElo "1540"]
[BlackElo "1581"]
[Annotator "kemen"]
[PlyCount "81"]
[EventDate "2019.??.??"]

{[%evp 0,81,29,-24,25,9,9,-15,4,-13,-2,-42,-26,-53,-53,-28,8,-27,-10,-67,-16,
-24,37,37,62,-24,-3,-9,33,40,65,69,83,88,91,106,101,101,88,82,90,81,81,94,133,
77,78,73,77,54,54,53,66,53,70,58,50,42,41,46,75,60,71,68,62,63,68,62,68,68,89,
111,111,116,94,96,94,126,190,191,191,76,114,100]} 1. f4 d6 2. Nf3 Nf6 3. e3 g6
4. d4 Bg7 5. c3 O-O 6. Be2 (6. Bd3 Nbd7 7. O-O Re8 8. Nbd2 e5 9. Ng5 {was a
game a week later , Hammett vs Watkin-Jones, Dyfed League 2019,0-1}) 6... Nbd7
7. O-O Qe8 (7... c5 {alternative setup}) 8. Qc2 $146 (8. Nbd2 {& various others
}) 8... b6 (8... e5 {logical after the last move}) 9. Nbd2 Ng4 $6 (9... Bb7) (
9... e5) 10. Ne4 f5 $6 {creates weaknesses in the Bl structure that don't fit
in with his intended setup} (10... Bb7 11. Ng3 c5 {looks better}) 11. Neg5 e6
12. Bc4 d5 13. Bb5 Bb7 14. Qa4 $14 c6 (14... Ngf6 15. Ne5) 15. Bxc6 Bxc6 16.
Qxc6 Rc8 17. Qxe6+ Qxe6 18. Nxe6 Rfe8 19. Nxg7 Kxg7 20. Ne5 $18 Ndf6 21. h3
Nxe5 22. fxe5 (22. dxe5) 22... Ne4 {Wh'sonly problem now is to activate the
bad B} 23. a4 a6 24. Ra3 (24. Rd1 Kf7 25. Bd2 g5 26. Be1 Ke6 27. Rac1 Re7 28.
Rc2 Rc6 29. Kf1 {and patiently prepare a c4 break}) 24... h5 25. Rb3 Re6 26.
Ra3 {admitting a dead end} h4 27. Re1 Rec6 28. Re2 Kf7 29. Rc2 Ke6 30. Bd2 g5
31. Be1 Ke7 32. Kh2 (32. Kf1) 32... Ke6 33. Ra1 R6c7 34. Rac1 b5 35. axb5 axb5
36. Ra1 b4 37. Ra6+ Ke7 38. Rc1 Rb7 39. Rca1 bxc3 40. bxc3 Rcc7 (40... Rcb8 $11
41. Rh6 Kf7 {Wh has not solved the B problem}) 41. Rh6 {Bl resigned, though a
little early as exact play is still required from Wh} (41. Rh6 Kf8 42. Ra8+ Kg7
43. Rah8 Rf7 44. R6h7+ Kg6 45. Rxf7 Rxf7 46. Rg8+ Kh7 47. Rd8 Rb7 48. e6 (48.
Rxd5 Rb1 49. Bxh4 gxh4 $17) 48... Nf6 (48... Kg6 49. Rxd5 Rb1 50. e7 Kf7 51.
Rxf5+ Ke8 52. Re5 Nd6 53. Bf2 Rb2 54. Bg1 $18) 49. g3 Rb2+ 50. Kg1 Rb1 51. gxh4
(51. Kf2 hxg3+ 52. Kxg3 Rxe1 $11) 51... Rxe1+ 52. Kf2 Ra1 53. e7 (53. hxg5 Ne4+
54. Kg2 (54. Kf3 Nxg5+ 55. Kg3 Nxe6 56. Rxd5 $11) 54... Ra2+ $11) 53... Ra7 54.
e8=Q Nxe8 55. Rxe8 gxh4 56. Re5 Ra1 57. Kf3 Kg6 58. Rxd5 $18 {Komodo12}) 1-0